<?xml version="1.0" encoding="UTF-8"?>
<collection xmlns="http://www.loc.gov/MARC21/slim">
 <record>
  <leader>02366nam a22003137a 4500</leader>
  <controlfield tag="001">NCT_44840</controlfield>
  <controlfield tag="008">180706b        xxu||||| |||| 00| 0 vie d</controlfield>
  <datafield tag="999" ind1=" " ind2=" ">
   <subfield code="c">2150</subfield>
   <subfield code="d">2150</subfield>
  </datafield>
  <datafield tag="020" ind1=" " ind2=" ">
   <subfield code="c">42000</subfield>
  </datafield>
  <datafield tag="082" ind1="0" ind2="4">
   <subfield code="2">23rd ed.</subfield>
   <subfield code="a">005.13</subfield>
   <subfield code="b">Kh106</subfield>
  </datafield>
  <datafield tag="100" ind1="1" ind2=" ">
   <subfield code="a">Phạm Hữu Khang</subfield>
   <subfield code="e">Chủ biên</subfield>
  </datafield>
  <datafield tag="245" ind1="1" ind2="0">
   <subfield code="a">Kỹ xảo lập trình VB6</subfield>
   <subfield code="c">Phạm Hữu Khang (chủ biên) ; Hoàng Đức Hải, Phương Lan (hiệu đính)</subfield>
  </datafield>
  <datafield tag="260" ind1=" " ind2=" ">
   <subfield code="a">H.</subfield>
   <subfield code="b">Lao động xã hội</subfield>
   <subfield code="c">2005</subfield>
  </datafield>
  <datafield tag="300" ind1=" " ind2=" ">
   <subfield code="a">202 tr.</subfield>
   <subfield code="b">mô hình </subfield>
   <subfield code="c">29cm</subfield>
  </datafield>
  <datafield tag="520" ind1="3" ind2=" ">
   <subfield code="a">Nội dung sách bao gồm những kiến thức nâng cao và các kỹ thuật cũng như các kỹ xảo về lập trình Windows Froms của ngôn ngữ Visual Basic 6.0.</subfield>
  </datafield>
  <datafield tag="653" ind1=" " ind2=" ">
   <subfield code="a">Công nghệ thông tin</subfield>
  </datafield>
  <datafield tag="700" ind1="1" ind2=" ">
   <subfield code="a">Hoàng Đức Hải</subfield>
  </datafield>
  <datafield tag="700" ind1="1" ind2=" ">
   <subfield code="a">Phương Lan</subfield>
   <subfield code="e">hiệu đính</subfield>
  </datafield>
  <datafield tag="942" ind1=" " ind2=" ">
   <subfield code="2">ddc</subfield>
   <subfield code="c">BK</subfield>
  </datafield>
  <datafield tag="952" ind1=" " ind2=" ">
   <subfield code="0">0</subfield>
   <subfield code="1">0</subfield>
   <subfield code="2">ddc</subfield>
   <subfield code="4">0</subfield>
   <subfield code="6">005_130000000000000_KH106</subfield>
   <subfield code="7">0</subfield>
   <subfield code="9">13307</subfield>
   <subfield code="a">000001</subfield>
   <subfield code="b">000001</subfield>
   <subfield code="d">2018-08-28</subfield>
   <subfield code="l">1</subfield>
   <subfield code="o">005.13 Kh106</subfield>
   <subfield code="p">MD.02176</subfield>
   <subfield code="r">2021-12-28</subfield>
   <subfield code="s">2021-12-28</subfield>
   <subfield code="v">42000.00</subfield>
   <subfield code="w">2018-08-28</subfield>
   <subfield code="y">BK</subfield>
  </datafield>
  <datafield tag="952" ind1=" " ind2=" ">
   <subfield code="0">0</subfield>
   <subfield code="1">0</subfield>
   <subfield code="2">ddc</subfield>
   <subfield code="4">0</subfield>
   <subfield code="6">005_130000000000000_KH106</subfield>
   <subfield code="7">0</subfield>
   <subfield code="9">13308</subfield>
   <subfield code="a">000001</subfield>
   <subfield code="b">000001</subfield>
   <subfield code="d">2018-08-28</subfield>
   <subfield code="l">1</subfield>
   <subfield code="o">005.13 Kh106</subfield>
   <subfield code="p">MD.02177</subfield>
   <subfield code="r">2021-12-28</subfield>
   <subfield code="s">2021-12-28</subfield>
   <subfield code="v">42000.00</subfield>
   <subfield code="w">2018-08-28</subfield>
   <subfield code="y">BK</subfield>
  </datafield>
  <datafield tag="952" ind1=" " ind2=" ">
   <subfield code="0">0</subfield>
   <subfield code="1">0</subfield>
   <subfield code="2">ddc</subfield>
   <subfield code="4">0</subfield>
   <subfield code="6">005_130000000000000_KH106</subfield>
   <subfield code="7">0</subfield>
   <subfield code="9">13309</subfield>
   <subfield code="a">000001</subfield>
   <subfield code="b">000001</subfield>
   <subfield code="d">2018-08-28</subfield>
   <subfield code="o">005.13 Kh106</subfield>
   <subfield code="p">MD.02178</subfield>
   <subfield code="r">2018-08-28</subfield>
   <subfield code="v">42000.00</subfield>
   <subfield code="w">2018-08-28</subfield>
   <subfield code="y">BK</subfield>
  </datafield>
  <datafield tag="952" ind1=" " ind2=" ">
   <subfield code="0">0</subfield>
   <subfield code="1">0</subfield>
   <subfield code="2">ddc</subfield>
   <subfield code="4">0</subfield>
   <subfield code="6">005_130000000000000_KH106</subfield>
   <subfield code="7">0</subfield>
   <subfield code="9">13310</subfield>
   <subfield code="a">000001</subfield>
   <subfield code="b">000001</subfield>
   <subfield code="d">2018-08-28</subfield>
   <subfield code="o">005.13 Kh106</subfield>
   <subfield code="p">MD.02179</subfield>
   <subfield code="r">2018-08-28</subfield>
   <subfield code="v">42000.00</subfield>
   <subfield code="w">2018-08-28</subfield>
   <subfield code="y">BK</subfield>
  </datafield>
  <datafield tag="952" ind1=" " ind2=" ">
   <subfield code="0">0</subfield>
   <subfield code="1">0</subfield>
   <subfield code="2">ddc</subfield>
   <subfield code="4">0</subfield>
   <subfield code="6">005_130000000000000_KH106</subfield>
   <subfield code="7">0</subfield>
   <subfield code="9">13311</subfield>
   <subfield code="a">000001</subfield>
   <subfield code="b">000001</subfield>
   <subfield code="d">2018-08-28</subfield>
   <subfield code="o">005.13 Kh106</subfield>
   <subfield code="p">MD.02180</subfield>
   <subfield code="r">2018-08-28</subfield>
   <subfield code="v">42000.00</subfield>
   <subfield code="w">2018-08-28</subfield>
   <subfield code="y">BK</subfield>
  </datafield>
  <datafield tag="952" ind1=" " ind2=" ">
   <subfield code="0">0</subfield>
   <subfield code="1">0</subfield>
   <subfield code="2">ddc</subfield>
   <subfield code="4">0</subfield>
   <subfield code="6">005_130000000000000_KH106</subfield>
   <subfield code="7">0</subfield>
   <subfield code="9">13312</subfield>
   <subfield code="a">000001</subfield>
   <subfield code="b">000001</subfield>
   <subfield code="d">2018-08-28</subfield>
   <subfield code="o">005.13 Kh106</subfield>
   <subfield code="p">MD.02181</subfield>
   <subfield code="r">2018-08-28</subfield>
   <subfield code="v">42000.00</subfield>
   <subfield code="w">2018-08-28</subfield>
   <subfield code="y">BK</subfield>
  </datafield>
  <datafield tag="952" ind1=" " ind2=" ">
   <subfield code="0">0</subfield>
   <subfield code="1">0</subfield>
   <subfield code="2">ddc</subfield>
   <subfield code="4">0</subfield>
   <subfield code="6">005_130000000000000_KH106</subfield>
   <subfield code="7">0</subfield>
   <subfield code="9">13313</subfield>
   <subfield code="a">000001</subfield>
   <subfield code="b">000001</subfield>
   <subfield code="d">2018-08-28</subfield>
   <subfield code="o">005.13 Kh106</subfield>
   <subfield code="p">MD.02182</subfield>
   <subfield code="r">2018-08-28</subfield>
   <subfield code="v">42000.00</subfield>
   <subfield code="w">2018-08-28</subfield>
   <subfield code="y">BK</subfield>
  </datafield>
  <datafield tag="952" ind1=" " ind2=" ">
   <subfield code="0">0</subfield>
   <subfield code="1">0</subfield>
   <subfield code="2">ddc</subfield>
   <subfield code="4">0</subfield>
   <subfield code="6">005_130000000000000_KH106</subfield>
   <subfield code="7">0</subfield>
   <subfield code="9">13314</subfield>
   <subfield code="a">000001</subfield>
   <subfield code="b">000001</subfield>
   <subfield code="d">2018-08-28</subfield>
   <subfield code="o">005.13 Kh106</subfield>
   <subfield code="p">MD.02183</subfield>
   <subfield code="r">2018-08-28</subfield>
   <subfield code="v">42000.00</subfield>
   <subfield code="w">2018-08-28</subfield>
   <subfield code="y">BK</subfield>
  </datafield>
  <datafield tag="952" ind1=" " ind2=" ">
   <subfield code="0">0</subfield>
   <subfield code="1">0</subfield>
   <subfield code="2">ddc</subfield>
   <subfield code="4">0</subfield>
   <subfield code="6">005_130000000000000_KH106</subfield>
   <subfield code="7">0</subfield>
   <subfield code="9">13315</subfield>
   <subfield code="a">000001</subfield>
   <subfield code="b">000001</subfield>
   <subfield code="d">2018-08-28</subfield>
   <subfield code="o">005.13 Kh106</subfield>
   <subfield code="p">MD.02184</subfield>
   <subfield code="r">2018-08-28</subfield>
   <subfield code="v">42000.00</subfield>
   <subfield code="w">2018-08-28</subfield>
   <subfield code="y">BK</subfield>
  </datafield>
  <datafield tag="980" ind1=" " ind2=" ">
   <subfield code="a">Thư viện Trường Đại học Nam Cần Thơ</subfield>
  </datafield>
 </record>
</collection>
